Strategic Reading 3 : Building Effective Reading Skills. Student's Book

Na minha lista:
Detalhes bibliográficos
Main Authors: Richards, Jack C. (Author), Eckstut-Didier, Samuela (Author)
Formato: Livro
Idioma:inglês
Publicado em: Cambridge : Cambridge University Press, 2003
Edição:1st publ.
Assuntos:
Tags: Adicionar Tag
Sem tags, seja o primeiro a adicionar uma tag!

MARC

LEADER 00000nam a22000003a 4500
001 stu95091
005 20150617225813.9
008 050719s2003----uk------------------eng-d
020 |a 0-521-555787 
040 |a STU  |b slo 
041 0 |a eng 
044 |a uk 
080 |a 811.111 
100 1 |a Richards, Jack C.  |4 aut 
245 1 |a Strategic Reading 3 :  |b Building Effective Reading Skills. Student's Book 
250 |a 1st publ. 
260 |a Cambridge :  |b Cambridge University Press,  |c 2003 
300 |a 131 s 
650 7 |a angličtina  |2 stusub 
700 1 |a Eckstut-Didier, Samuela  |4 aut 
996 |b 284M052659  |c M*11691/3-1  |l MMKN  |s A  |a 24  |w stu95091_0001